书目信息 |
| 题名: |
中央人民政府法令汇编
|
|
| 作者: | ;中央人民政府法制委员会 编 | |
| 分册: | 总编号:(4) | |
| 出版信息: | 北京 法律出版社 1982.04 |
|
| 页数: | 429页 | |
| 开本: | 20cm | |
| 丛书名: | ||
| 单 册: | ||
| 中图分类: | D920.9 | |
| 科图分类: | ||
| 主题词: | 法律--汇编--中国 | |
| 电子资源: | ||
| ISBN: | ||
| 000 | 00715nam0 2200229 45 | |
| 001 | 0504271025 | |
| 005 | 20061104170032.46 | |
| 010 | @b精装@dCNY2.25 | |
| 091 | @a6004.421 | |
| 100 | @a20050427d1982 km y0chiy0120 ea | |
| 101 | 0 | @achi |
| 105 | @a z 000yy | |
| 200 | 1 | @a中央人民政府法令汇编@AZhong Yang Ren Min Zheng Fu Fa Ling Hui Bian@e1953@h总编号:(4)@f中央人民政府法制委员会编@FZhong Yang Ren Min Zheng Fu Fa Zhi Wei Yuan Hui Bian |
| 205 | @a2版 | |
| 210 | @a北京@c法律出版社@d1982.04 | |
| 215 | @a429页@d20cm | |
| 517 | @a1953 | |
| 606 | 0 | @a法律@x汇编@x中国 |
| 690 | @aD920.9@v3 | |
| 711 | 02 | @a中央人民政府法制委员会@4编 |
| 801 | @aCN@bPftUser@c20061104 | |
| 905 | @dD920.9@e102:(1953)@f1@b162627 | |
| 中央人民政府法令汇编:1953.总编号:(4)/中央人民政府法制委员会编.-2版.-北京:法律出版社,1982.04 |
| 429页;20cm |
| ISBN (精装):CNY2.25 |
| ● |
| 相关链接 |
|
|
|
|
正题名:中央人民政府法令汇编
索取号:D920.9/102:(1953)
 
预约/预借
| 序号 | 登录号 | 条形码 | 馆藏地/架位号 | 状态 | 备注 |
| 1 | 0162627 | 001580783 | 密集书库/ [索取号:D920.9/102:(1953)] | 在馆 | |
| 2 | 0162628 | 002054065 | 第一样本阅览室/ [索取号:D920.9/102:(1953)] | 在馆 |